| 000 | 00422 a2200133 4500 | ||
|---|---|---|---|
| 999 |
_c9683 _d9683 |
||
| 050 | _aKTZ 2.2ZIM1995 | ||
| 100 |
_aAP Bourbon, SC _eeditor |
||
| 245 |
_aThe Zimbabwe law reports 1995 _bpart 1 _cedited by S.C AP de Bourbon, G Feltoe and J Reid Rowland |
||
| 264 |
_aHarare _bLegal Resource Foundation _c1995 |
||
| 300 | _a420p. | ||
| 500 | _aLaw | ||
| 650 | _aLaw--law reports ---Zimbabwe | ||
| 942 |
_2lcc _cSERIALS _h2.2 _iZIM _kKTZ |
||